[Event "Torre de Pedra 1st"]
[Site "Torre de Pedra"]
[Date "2012.08.04"]
[Round "2"]
[White "Faria, Marcio Roberto"]
[Black "Da Silva Fo, Paulo Calixto"]
[Result "1/2-1/2"]
[WhiteElo "1617"]
[BlackElo "1862"]
[PlyCount "57"]
[EventDate "2012.07.28"]
[EventType "tourn"]
[EventRounds "18"]
[EventCountry "BRA"]
[SourceTitle "EXT 2013"]
[Source "ChessBase"]
[SourceDate "2012.11.22"]
[SourceVersion "1"]
[SourceVersionDate "2012.11.22"]
[SourceQuality "1"]

1. d4 Nf6 2. c4 g6 3. Nc3 c5 4. d5 d6 5. Bg5 Bg7 6. Nf3 Bg4 7. e4 0-0 8. Be2 Nbd7 9. h3 Bxf3 10. Bxf3 Qb6 11. Qb3 Qxb3 12. axb3 a6 13. 0-0 h6 14. Bf4 Rfe8 15. Ra4 Nb6 16. Ra5 Nfd7 17. Be2 Ne5 18. Be3 e6 19. Rfa1 exd5 20. exd5 Rad8 21. Na4 Nxa4 22. R5xa4 Nd7 23. R4a2 Re7 24. Re1 Rde8 25. Kf1 f5 26. Bf4 Ne5 27. Bd2 Nd7 28. Bf4 Ne5 29. Bd2 1/2-1/2

[Event "Itapetininga op 3rd"]
[Site "Itapetininga"]
[Date "2011.11.09"]
[Round "14"]
[White "Da Silva Fo, Paulo Calixto"]
[Black "Duarte, Carlos Eduardo Sant"]
[Result "1-0"]
[WhiteElo "1821"]
[BlackElo "1507"]
[PlyCount "31"]
[EventDate "2011.11.06"]
[EventType "tourn"]
[EventRounds "14"]
[EventCountry "BRA"]
[SourceTitle "EXT 2022"]
[Source "ChessBase"]
[SourceDate "2021.10.06"]
[SourceVersion "1"]
[SourceVersionDate "2021.10.06"]
[SourceQuality "1"]

1. e4 g6 2. Nf3 Bg7 3. d4 b6 4. Bd3 Bb7 5. 0-0 Nf6 6. Nc3 0-0 7. h3 d5 8. e5 Ne4 9. Bxe4 dxe4 10. Ng5 Bh6 11. Ncxe4 Bxe4 12. Nxe4 Bxc1 13. Rxc1 Nc6 14. c3 e6 15. Qd2 Qd5 16. Nf6+ 1-0

[Event "Itapetininga op 3rd"]
[Site "Itapetininga"]
[Date "2011.11.07"]
[Round "6"]
[White "Da Silva Fo, Paulo Calixto"]
[Black "Pires, Thales de Almeida"]
[Result "1-0"]
[WhiteElo "1821"]
[BlackElo "1876"]
[PlyCount "85"]
[EventDate "2011.11.06"]
[EventType "tourn"]
[EventRounds "14"]
[EventCountry "BRA"]
[SourceTitle "EXT 2022"]
[Source "ChessBase"]
[SourceDate "2021.10.06"]
[SourceVersion "1"]
[SourceVersionDate "2021.10.06"]
[SourceQuality "1"]

1. e4 c5 2. Nf3 e6 3. d4 cxd4 4. Nxd4 a6 5. c4 Nf6 6. Nc3 Qc7 7. Be3 Nc6 8. a3 Be7 9. f4 d6 10. Qf3 Bd7 11. Bd3 0-0 12. 0-0 Rac8 13. b4 Nxd4 14. Bxd4 e5 15. Be3 b5 16. fxe5 dxe5 17. Nd5 Nxd5 18. cxd5 f6 19. Rac1 Qb8 20. Qg3 Rxc1 21. Rxc1 Rc8 22. Bc5 Bf8 23. Be2 a5 24. Bg4 axb4 25. axb4 Qb7 26. Qh3 Bxg4 27. Qxg4 Qa6 28. Qh3 Bxc5+ 29. bxc5 Rxc5 30. Rxc5 Qa1+ 31. Kf2 Qb2+ 32. Kf1 Qb1+ 33. Ke2 Qb2+ 34. Ke1 Qb1+ 35. Kd2 Qb2+ 36. Rc2 Qd4+ 37. Qd3 Qf2+ 38. Kc3 Qe1+ 39. Kb2 Qb4+ 40. Qb3 Qd4+ 41. Ka2 Qa7+ 42. Kb1 Qg1+ 43. Rc1 1-0

[Event "Ribeirao Preto RECRA 2nd B"]
[Site "Ribeirao Preto"]
[Date "2011.01.23"]
[Round "5.3"]
[White "Januario, Jessica dos Anjos"]
[Black "Da Silva Fo, Paulo Calixto"]
[Result "0-1"]
[WhiteElo "1494"]
[BlackElo "1795"]
[PlyCount "88"]
[EventDate "2011.01.21"]
[EventType "tourn"]
[EventRounds "9"]
[EventCountry "BRA"]
[SourceTitle "EXT 2022"]
[Source "ChessBase"]
[SourceDate "2021.10.06"]
[SourceVersion "1"]
[SourceVersionDate "2021.10.06"]
[SourceQuality "1"]

1. d4 d5 2. c4 e6 3. Nc3 Nf6 4. Bg5 Be7 5. Nf3 Nbd7 6. e3 0-0 7. Bd3 dxc4 8. Bxc4 b6 9. 0-0 Bb7 10. Rc1 Rc8 11. Qe2 a5 12. Ba6 Bxa6 13. Qxa6 c6 14. Qd3 Nd5 15. Bxe7 Qxe7 16. a3 Nxc3 17. Rxc3 c5 18. Rfc1 e5 19. Nxe5 Nxe5 20. dxe5 Qxe5 21. Qb5 Qf6 22. b4 axb4 23. axb4 Rfd8 24. bxc5 Qxc3 25. Rxc3 Rd1+ 26. Qf1 Rxf1+ 27. Kxf1 bxc5 28. Ke2 Kf8 29. f4 Ke7 30. e4 Kd6 31. Kd3 Kc6 32. g4 Rd8+ 33. Ke3 Rd7 34. Rd3 Rc7 35. Rc3 Kb5 36. Kd3 c4+ 37. Kc2 Kc5 38. Re3 Kd4 39. Re2 Ra7 40. Kb2 Kd3 41. Rc2 Rb7+ 42. Kc1 c3 43. e5 Ra7 44. Kb1 Ra1+ 0-1

[Event "Ribeirao Preto RECRA 2nd B"]
[Site "Ribeirao Preto"]
[Date "2011.01.22"]
[Round "3.2"]
[White "Gardim, Leonardo D'Almada"]
[Black "Da Silva Fo, Paulo Calixto"]
[Result "0-1"]
[WhiteElo "1537"]
[BlackElo "1795"]
[PlyCount "120"]
[EventDate "2011.01.21"]
[EventType "tourn"]
[EventRounds "9"]
[EventCountry "BRA"]
[SourceTitle "EXT 2022"]
[Source "ChessBase"]
[SourceDate "2021.10.06"]
[SourceVersion "1"]
[SourceVersionDate "2021.10.06"]
[SourceQuality "1"]

1. d4 Nf6 2. e3 g6 3. Bd3 Bg7 4. Nf3 0-0 5. 0-0 d6 6. Nbd2 Re8 7. h3 e5 8. dxe5 dxe5 9. Ne4 Nxe4 10. Bxe4 c6 11. c3 Nd7 12. Bc2 e4 13. Nd2 f5 14. f3 exf3 15. Nxf3 Nf6 16. Qxd8 Rxd8 17. Re1 Be6 18. Ng5 Bd5 19. e4 fxe4 20. Nxe4 Bxe4 21. Bxe4 Re8 22. Bd5+ Nxd5 23. Rxe8+ Rxe8 24. Bd2 Bf8 25. c4 Bc5+ 26. Kh1 Re2 27. cxd5 Rxd2 28. dxc6 bxc6 29. Rc1 Bd6 30. g4 c5 31. Rb1 Rh2+ 32. Kg1 Rxh3 33. Rd1 Bc7 34. Rd2 Rg3+ 35. Rg2 Rd3 36. Rc2 Be5 37. b3 Kf7 38. Rf2+ Ke7 39. Re2 Kd6 40. Rc2 Kd5 41. Kf1 Rd4 42. Rg2 Rf4+ 43. Ke2 Ke4 44. g5 Rf3 45. Rg4+ Bf4 46. Rg2 Rc3 47. Kf1 Rc1+ 48. Kf2 Rc2+ 49. Kf1 Rxg2 50. Kxg2 Bxg5 51. Kg3 h5 52. Kg2 h4 53. Kh3 Kf3 54. Kh2 Bf4+ 55. Kh1 h3 56. Kg1 g5 57. Kh1 h2 58. b4 g4 59. bxc5 g3 60. c6 g2# 0-1

[Event "Ribeirao Preto RECRA 2nd B"]
[Site "Ribeirao Preto"]
[Date "2011.01.21"]
[Round "1.1"]
[White "Da Silva Fo, Paulo Calixto"]
[Black "Kajiwara, Joao Kazuyuki"]
[Result "0-1"]
[WhiteElo "1795"]
[BlackElo "1204"]
[PlyCount "64"]
[EventDate "2011.01.21"]
[EventType "tourn"]
[EventRounds "9"]
[EventCountry "BRA"]
[SourceTitle "EXT 2022"]
[Source "ChessBase"]
[SourceDate "2021.10.06"]
[SourceVersion "1"]
[SourceVersionDate "2021.10.06"]
[SourceQuality "1"]

1. e4 Nf6 2. e5 Nd5 3. c4 Nb6 4. d4 d5 5. exd6 cxd6 6. Nc3 g6 7. Bf4 Bg7 8. Nge2 Nc6 9. b3 0-0 10. Qd2 e5 11. Be3 Re8 12. d5 Nd4 13. Rd1 Bf5 14. Bxd4 exd4 15. Nb5 d3 16. h3 dxe2 17. Bxe2 a6 18. Nc3 Qf6 19. Rc1 Qd4 20. Qxd4 Bxd4 21. Rf1 Bd3 22. Kd2 Bxe2 23. Nxe2 Bg7 24. Ng3 Nd7 25. Rce1 Nc5 26. f3 Be5 27. Ne2 Re7 28. f4 Bf6 29. f5 Rae8 30. fxg6 fxg6 31. b4 Bg5+ 32. Kc3 Re3+ 0-1

[Event "Ribeirao Preto RECRA 1st"]
[Site "Ribeirao Preto"]
[Date "2010.12.05"]
[Round "5.9"]
[White "Da Silva Fo, Paulo Calixto"]
[Black "Branchini, Fernando Luis Sakam"]
[Result "0-1"]
[WhiteElo "1802"]
[BlackElo "1920"]
[PlyCount "51"]
[EventDate "2010.12.03"]
[EventType "swiss"]
[EventRounds "6"]
[EventCountry "BRA"]
[SourceTitle "EXT 2022"]
[Source "ChessBase"]
[SourceDate "2021.10.06"]
[SourceVersion "1"]
[SourceVersionDate "2021.10.06"]
[SourceQuality "1"]

1. e4 e6 2. Nf3 d5 3. Nc3 Nf6 4. exd5 exd5 5. d4 Be7 6. h3 0-0 7. Bf4 Re8 8. Be2 Bb4 9. 0-0 Bxc3 10. bxc3 Ne4 11. Qd3 Bf5 12. Nh4 Nxc3 13. Qxc3 Rxe2 14. Qb3 Rxc2 15. Qxb7 Nc6 16. Bxc7 Qc8 17. Qxc8+ Rxc8 18. Be5 f6 19. Bd6 Nxd4 20. a4 Ne2+ 21. Kh1 d4 22. Rad1 R8c4 23. Nf3 Rxa4 24. Nxd4 Bd7 25. Nf3 Bf5 26. Rfe1 0-1

[Event "Itapetininga 240 anos"]
[Site "Itapetininga"]
[Date "2010.12.01"]
[Round "5"]
[White "Da Silva Fo, Paulo Calixto"]
[Black "Pires, Thales de Almeida"]
[Result "1-0"]
[WhiteElo "1802"]
[BlackElo "1896"]
[PlyCount "81"]
[EventDate "2010.11.29"]
[EventType "tourn"]
[EventRounds "9"]
[EventCountry "BRA"]
[SourceTitle "EXT 2022"]
[Source "ChessBase"]
[SourceDate "2021.10.06"]
[SourceVersion "1"]
[SourceVersionDate "2021.10.06"]
[SourceQuality "1"]

1. e4 c5 2. Nf3 e6 3. Bc4 a6 4. c3 Qc7 5. 0-0 Nf6 6. d3 d6 7. Bb3 b5 8. Re1 Nbd7 9. h3 h6 10. Nbd2 Bb7 11. Qe2 Be7 12. Nf1 0-0 13. Bf4 c4 14. dxc4 bxc4 15. Bxc4 Bxe4 16. N1d2 Bb7 17. Nd4 Nd5 18. Nxe6 fxe6 19. Qxe6+ Rf7 20. Bxd5 Bxd5 21. Qxd5 Nb6 22. Qe6 Raf8 23. Ne4 Nc8 24. Rad1 Kh8 25. Bg3 Qb7 26. Re2 Qb5 27. c4 Qh5 28. Red2 Bg5 29. Nxg5 Qxg5 30. Rd5 Qd8 31. Bxd6 Nxd6 32. Rxd6 Qh4 33. g3 Qg5 34. R6d5 Rf5 35. Rxf5 Rxf5 36. h4 Qg4 37. Rd8+ Kh7 38. Qg8+ Kg6 39. Rd6+ Kh5 40. Rd5 Rxd5 41. Qf7+ 1-0

[Event "Bauru op U2200"]
[Site "Bauru"]
[Date "2010.09.19"]
[Round "6"]
[White "Rogani, Bruno"]
[Black "Da Silva Fo, Paulo Calixto"]
[Result "0-1"]
[WhiteElo "1968"]
[BlackElo "1793"]
[PlyCount "122"]
[EventDate "2010.09.??"]
[EventType "swiss"]
[EventRounds "6"]
[EventCountry "BRA"]
[SourceTitle "EXT 2014"]
[Source "ChessBase"]
[SourceDate "2013.11.20"]
[SourceVersion "1"]
[SourceVersionDate "2013.11.20"]
[SourceQuality "1"]

1. e4 d6 2. d4 Nf6 3. Nc3 c6 4. Nf3 Nbd7 5. Bg5 e5 6. dxe5 dxe5 7. Bc4 Bb4 8. Qd3 Qc7 9. Bxf7+ Kf8 10. Bxf6 gxf6 11. Bb3 Nc5 12. Qc4 a5 13. Nd2 b5 14. Qe2 Bxc3 15. bxc3 a4 16. Qe3 Qe7 17. Qh6+ Qg7 18. Qe3 Nb7 19. g3 axb3 20. cxb3 c5 21. Qd3 Qd7 22. Qe3 h5 23. Nf3 Qc6 24. Nh4 Kf7 25. Nf3 Bh3 26. Rg1 Rag8 27. 0-0-0 Bg4 28. Rd2 Nd6 29. Re1 Nxe4 30. Nxe5+ fxe5 31. Qxe4 Qxe4 32. Rxe4 Re8 33. f4 Kf6 34. Rd5 Bf3 35. fxe5+ Kg5 36. h4+ Kg6 37. Rd6+ Kg7 38. Rf4 Rhf8 39. Rdf6 Bg4 40. a4 bxa4 41. bxa4 Rxf6 42. exf6+ Kf7 43. Kd2 Re2+ 44. Kc1 Re3 45. Rc4 Re5 46. a5 Be2 47. Rf4 c4 48. Kd2 Bd3 49. a6 Re2+ 50. Kd1 Ra2 51. Rd4 Rxa6 52. Rd5 Re6 53. Kd2 Re2+ 54. Kd1 Rg2 55. Ke1 Rxg3 56. Rxh5 Bg6 57. Rg5 Rxc3 58. h5 Bd3 59. h6 Kxf6 60. Rg3 Rc1+ 61. Kd2 Rh1 0-1

[Event "Itapetininga op"]
[Site "Itapetininga"]
[Date "2009.11.07"]
[Round "4.4"]
[White "Cirilo, Guilherme de Araujo"]
[Black "Da Silva Fo, Paulo Calixto"]
[Result "1-0"]
[WhiteElo "1837"]
[BlackElo "1747"]
[PlyCount "37"]
[EventDate "2009.11.06"]
[EventType "swiss"]
[EventRounds "6"]
[EventCountry "BRA"]
[SourceTitle "EXT 2022"]
[Source "ChessBase"]
[SourceDate "2021.10.06"]
[SourceVersion "1"]
[SourceVersionDate "2021.10.06"]
[SourceQuality "1"]

1. d4 Nf6 2. c4 g6 3. Nf3 Bg7 4. g3 0-0 5. Bg2 d6 6. Nc3 Nbd7 7. 0-0 Re8 8. e4 e5 9. Re1 h6 10. h3 Kh7 11. Be3 c6 12. Qc2 Qc7 13. Rad1 Nf8 14. b4 Bd7 15. a4 exd4 16. Nxd4 c5 17. Ndb5 Bxb5 18. Nxb5 Qe7 19. Nxd6 1-0